Функціональні та структурні особливості скорочень у англійській компютерній термінології (Запис № 285381)

МАРК-запис
000 -LEADER
fixed length control field 01498nam a22001577a 4500
041 ## - LANGUAGE CODE
Language code of text/sound track or separate title ukr
080 ## - UNIVERSAL DECIMAL CLASSIFICATION NUMBER
Universal Decimal Classification number 09
090 ## - LOCALLY ASSIGNED LC-TYPE CALL NUMBER (OCLC); LOCAL CALL NUMBER (OCLC)
Local cutter number (OCLC) ; Book number/undivided call number, CALL (RLIN) КАЛ
100 ## - MAIN ENTRY--PERSONAL NAME
Personal name Калічак, Т. О.
245 ## - TITLE STATEMENT
Title Функціональні та структурні особливості скорочень у англійській компютерній термінології
260 ## - PUBLICATION, DISTRIBUTION, ETC. (IMPRINT)
Place of publication, distribution, etc Острог
Name of publisher, distributor, etc КАФ
Date of publication, distribution, etc 2014
300 ## - PHYSICAL DESCRIPTION
Extent 60
520 ## - SUMMARY, ETC.
Summary, etc Вступ.<br/>Розділ І. Абревіатури в контексті формотвору.<br/>1.1. Роль формотвору у поповненні словникового складу англійської мови<br/>1.2. Структурні групи абревіатур<br/>1.3. Нові шляхи номінації в галузі компютерної термінології<br/>Розділ ІІ. Система формування та переклад абревіатур.<br/>2.1. Шляхи перекладу компютерної термінології<br/>2.2. Проблеми при перекладі компютерної термінології<br/>2.3. Методика відтворення англійських скорочень українською мовою<br/>2.4. Функціональна обумовленість компютерної термінології<br/>Висновки.<br/>Список використаних джерел.<br/>Додатки.
-- абревіатура, переклад
650 ## - SUBJECT ADDED ENTRY--TOPICAL TERM
Topical term or geographic name as entry element Research Papers
942 ## - ADDED ENTRY ELEMENTS (KOHA)
Koha item type Книги
Фонди
Withdrawn status Lost status Source of classification or shelving scheme Damaged status Not for loan Home library Current library Date acquired Source of acquisition Cost, normal purchase price Total Checkouts Full call number Barcode Date last seen Price effective from Koha item type
    Universal Decimal Classification     ВІЛ - Відділ іноземн. літератури НБ ВІЛ - Відділ іноземн. літератури НБ 17/06/2014 Акт №8 1.00   09 215624 09/11/2021 17/06/2014 Книги